| 000 | 02155nam0a22003731 4500 | ||
|---|---|---|---|
| 001 | RU\NLR\INFOCOMM_211\5000001754 | ||
| 005 | 20250613085621.0 | ||
| 035 | _a(NLR Aleph) 009037396 | ||
| 090 |
_a9528418 _c9528418 |
||
| 100 | _a20080527d1968 |||y0rusy50 ca | ||
| 101 | 1 |
_afre _crus |
|
| 102 | _aRU | ||
| 105 | _aac z|||000fy | ||
| 200 | 1 |
_aÀ la lumière du jour _enouvelles es peuples de l'U.R.S.S. _fsous la réd. de Michèle Kahn _gprés. de Y. Krasny |
|
| 210 |
_aMoscou _cProgrès _d[1968] |
||
| 215 |
_a360 с. _cил. _d17 см |
||
| 225 | 1 | _aÉditions de Moscou | |
| 300 | _aНа обороте тит. л.: При свете дня : рассказы писателей народов СССР | ||
| 300 | _aВложено: Les auteurs. [19] с. : портр. | ||
| 327 | 0 | _aСреди рассказов: Le livre / Sarykhanov N. La tentation de Fraghi / Simachko M. La petite fée /Tchoukovski N.- À la lumière de jour / Kazakevitch E. Un homme est né / Vilks E. | |
| 464 | 0 |
_12001#$aLe livre _1700#1$9z01790$aSarychanov$bN.$4070 _1790##1$9z01700$aSarykhanov$bN.$4070 _tLe livre _aSarychanov, N. |
|
| 464 | 0 |
_12001#$aLa tentation de Fraghi _1700#1$9z01790$aSimaško$bM.$4070 _1790##1$9z01700$aSimachko$bM.$4070 _tLa tentation de Fraghi _aSimaško, M. |
|
| 464 | 0 |
_12001#$aLa petite fée _1700#1$9z01790$aČukovskij$bN.K.$f1904-1965$gNikolaj Korneevič$4070 _1790##1$9z01700$aTchoukovski$bN.$4070 _tLa petite fée _aČukovskij, Nikolaj Korneevič (1904-1965) |
|
| 464 | 0 |
_12001#$aÀ la lumière de jour _1700#1$9z01790$aKazakevič$bE. G.$f1913-1962$gÉmmanuil Genrichovič$4070 _1790##1$9z01700$aKazakevitch$bE.$4070 _tÀ la lumière de jour _aKazakevič, Émmanuil Genrichovič (1913-1962) |
|
| 464 | 0 |
_12001#$aUn homme est né _1700#1$aVilks$f1923-1976$bĒvalds$4070 _tUn homme est né _aVilks, Ēvalds (1923-1976) |
|
| 517 | 1 |
_aПри свете дня _eрассказы писателей народов СССР |
|
| 686 |
_aЛх-нар. СССР (Сб.) _2rubbk |
||
| 702 | 1 |
_aKan _bM. _gMichail _4340 |
|
| 801 | 1 |
_aRU _bNLR _c20080527 |
|
| 801 | 0 |
_aRU _bNLR _gPSBO |
|
| 852 |
_aNLR _jЛ41 Д-1/13 |
||
| 942 | _cBOOK | ||
| 980 | _aNB | ||